Регионална библиотека "Любен Каравелов" - Русе

Българска лексикология и лексикография (Запис номер 190278)

MARC детайли
000 -Лидер
Контролно поле с фиксирана дължина 01709nam a2200421 c 4500
003 - Код на организацията, давaща контролен номер
Контролно поле BLK
005 - Дата и час на последна редакция
Контролно поле 20250523114635.0
008 - Елементи от данни с фиксирана дължина
fixed length control field 180411b bul|||||r ||||||| ||bul||
010 ## - Наследен системен номер
LC control number KNG00199413000
020 ## - Международен стандартен номер на книга ISBN
Международен стандартен номер на книга ISBN 978-619-152-985-8
020 ## - Международен стандартен номер на книга ISBN
Международен стандартен номер на книга ISBN 978-619-152-986-5
040 ## - Източник на каталожния запис
Идентификатор на билиотеката - собственик на записа BLK
041 ## - Код за език
Код за езика на текст/звукозапис или на отделно заглавие Български
Код за езика КДБФ Български
072 #7 - Код за тематичната категория
Код организация bullib
Код за тематична категория Н80
Текст Езикознание Н
072 #7 - Код за тематичната категория
Код организация bullib
Код за тематична категория РА
Текст Русенски автори
080 ## - УДК
Текстов определител УДК Български език
УДК код - определител по УДК 811.163.2
УДК определител -3
УДК - код + определител 811.163.2-3
100 1# - Редна дума - Автор
Автор Радева, Василка
Авторска отговорност първи автор
Автор - информация (биография) Рангелова, Василка Радева
R(LIN) 366792
139 ## - Редно поле
Редна дума Радева, Василка
Авторски знак Рад - Р 12
245 10 - Сведения за заглавието
Заглавие Българска лексикология и лексикография
Редно поле (дума) Василка Радева; * Василка Радева Рангелова.
257 ## - Страна на издаване
Страна на създаване/издаване България
260 ## - Област на издателските данни
Име на издателя, разпространителя и проч. Изток-Запад
Година на издаване 2017
300 ## - Физическа характеристика
Страници 432 с.
Размери/Мащаб 25 см
380 ## - Жанр
Жанр Езикознание. Филология
500 ## - Общи забележки
Забележка Пълното име на авт. е Василка Радева Рангелова. - Съдържа и за авт. - Библиогр. с. 392-412.
650 #4 - Допълнително описание по предмет – тема
Основно описание – тема или топоним Български език - лексикология и лексикография
9 (RLIN) 263425
653 ## - Ключова дума – ненормативна
Ключова дума български език
653 ## - Ключова дума – ненормативна
Ключова дума лексикология
653 ## - Ключова дума – ненормативна
Ключова дума лексикография
659 ## - Тематичен бюлетин
Тематичен бюлетин Н
700 1# - Други автори (авторска отговорност)
Лично име Рангелова, Василка Радева
Автороска отговорност (Описва отношението между автора и произведението) *
9 (RLIN) 368991
852 ## - Местоположение
Форматна сигнатура Цб 289890
856 4# - Електронен адрес и достъп
Електронен формат pdf - файл
856 4# - Електронен адрес и достъп
Електронен формат pdf - файл
999 ## - СИСТЕМНИ КОНТРОЛНИ НОМЕРА
Koha biblionumber 190278
Koha biblioitemnumber 190278
942 ## - АРТИКУЛИ
Вид на библиотечния материал Книги
Скрит в OPAC Не
Koha issues (borrowed), all copies 5
944 ## - СЪЗДАВАНЕ И РЕДАКЦИЯ на ЗАПИСА
Създаване/Редакция Създаване
Дата на регистрацията/редакция 25.01.2017
Статус, дата на статуса Радостина Карадакова
Служител, извършил регистрацията/редакцията 30534
944 ## - СЪЗДАВАНЕ И РЕДАКЦИЯ на ЗАПИСА
Създаване/Редакция Редакция
Дата на регистрацията/редакция 21.11.2017
Статус, дата на статуса ф /
Служител, извършил регистрацията/редакцията Пенка_Димитрова
999 ## - СИСТЕМНИ КОНТРОЛНИ НОМЕРА
Koha biblioitemnumber 190278
Наличности
Код за отписване Код за изгубен артикул Източник на класификационната схема Код за повреда Коз за рестрикции Код за отдаване Артикулен № Име на библиотеката - собственик Име на библиотеката, в която се намира в момента Статус (Текущо местоположение) Дата на вписване в системата Местоположение - отдел Цена в лева Инвентарен номер Систематично азбучна сигнатура Баркод Номер на екземпляра Цена в евро Служебна бележка Служебен тип на артикула
  Не е изгубен Universal Decimal Classification Не е повреден без рестрикции ползва се в читалня 334780 Регионална библиотека "Любен Каравелов" Русе Регионална библиотека "Любен Каравелов" Русе Читалня 2017-01-27 Читалня 27.00 120000807992 Ч 811.163.2/Р 12 120000807992 1 13.80 Дост: Pk Вид: Ф N: 481 Дата: 27.01.2017 Дата инв: 27.03.2017 Бележки инв: Ч2017 Книги
  Не е изгубен Universal Decimal Classification Не е повреден без рестрикции заемане за дома 334781 Регионална библиотека "Любен Каравелов" Русе Регионална библиотека "Любен Каравелов" Русе Заемна - подръчен фонд 2017-05-26 Заемна - подръчен фонд 20.00 120000811697 811.163.2/Р 12 В б 120000811697 2 10.23 Дост: Pk Вид: Ф N: 490 Дата: 26.05.2017 Дата инв: 08.02.2018 Бележки инв: П2018 Книги
  Не е изгубен   Не е повреден без рестрикции ползва се в читалня 334782 Регионална библиотека "Любен Каравелов" Русе Регионална библиотека "Любен Каравелов" Русе Хранилище 2017-11-21 Хранилище 20.00 120000817060 Цб 284112 120000817060 3 10.23 Дост: Dp Вид: Д N: 42 Дата: 20.09.2017 Книги
  Не е изгубен Universal Decimal Classification Не е повреден без рестрикции ползва се в читалня 679502 Регионална библиотека "Любен Каравелов" Русе Регионална библиотека "Любен Каравелов" Русе Хранилище 2018-08-25 Хранилище 27.00 120000822581 Цб 289890 120000822581   13.80   Книги
Vip Innovations Ltd, Rousse, Bulgaria 2025